| 000 | 01019nam a22002297a 4500 | ||
|---|---|---|---|
| 005 | 20170303145428.0 | ||
| 008 | 140423s2011 ck ado gr|||| 00| 0 spa d | ||
| 020 | _a9789588448381 | ||
| 040 |
_aCO-BoIAVH _cCO-BoIAVH |
||
| 041 | _aspa | ||
| 044 | _ack | ||
| 082 |
_a593 _bI62c |
||
| 110 | 2 | _aInstituto de Investigaciones Marinas y Costeras José Benito Vives de Andréis | |
| 245 | 1 | 0 |
_aContribución a la biología y mantenimiento de peces marinos ornamentales _busos potenciales de la biodiversidad _cInstituto de Investigaciones Marinas y Costeras José Benito Vives de Andréis |
| 260 | 3 |
_aSanta Marta _bInstituto de Investigaciones Marinas y Costeras José Benito Vives de Andréis _c2011 |
|
| 300 |
_a160 p. _bil., fot., tablas, gráficas _c28 cm |
||
| 504 | _aIncluye bibliografía (páginas 150 - 156) | ||
| 650 | 4 |
_aPeces exoticos _xCuidados _zColombia |
|
| 650 | 4 |
_aPeces exoticos _xPolíticas _zColombia |
|
| 650 | 4 |
_aPeces exoticos _xBiodiversidad _zColombia |
|
| 942 |
_2ddc _cLIBRO |
||
| 999 |
_c8398 _d8398 |
||